|
|
|
|
| LEADER |
00000caa a22000002c 4500 |
| 001 |
1639275169 |
| 003 |
DE-627 |
| 005 |
20241112131151.0 |
| 007 |
tu |
| 008 |
160223s1972 xx ||||| 00| ||ger c |
| 035 |
|
|
|a (DE-627)1639275169
|
| 035 |
|
|
|a (DE-576)455824290
|
| 035 |
|
|
|a (DE-599)BSZ455824290
|
| 040 |
|
|
|a DE-627
|b ger
|c DE-627
|e rakwb
|
| 041 |
|
|
|a ger
|
| 100 |
1 |
|
|a Zimmermann, Eduard
|d 1929-2009
|0 (DE-588)131421840
|0 (DE-627)509050891
|0 (DE-576)257367527
|4 aut
|
| 109 |
|
|
|a Zimmermann, Eduard 1929-2009
|a Ganoven-Ede 1929-2009
|
| 245 |
1 |
0 |
|a Möglichkeiten und Grenzen der Fernsehfahndung
|c Eduard Zimmermann
|
| 264 |
|
1 |
|c 1972
|
| 336 |
|
|
|a Text
|b txt
|2 rdacontent
|
| 337 |
|
|
|a ohne Hilfsmittel zu benutzen
|b n
|2 rdamedia
|
| 338 |
|
|
|a Band
|b nc
|2 rdacarrier
|
| 773 |
0 |
8 |
|i In
|a Niedersachsen. Landeskriminalpolizeiamt
|t Vorträge im Landeskriminalpolizeiamt Niedersachsen
|d Hannover : Landeskriminalpolizeiamt Niedersachsen, 1964
|g (1972), 7, Seite 26-40
|w (DE-627)130194220
|w (DE-600)530187-7
|w (DE-576)015738345
|7 nnas
|x 0581-894X
|
| 773 |
1 |
8 |
|g year:1972
|g number:7
|g pages:26-40
|
| 935 |
|
|
|a mkri
|
| 951 |
|
|
|a AR
|
| ELC |
|
|
|b 1
|
| LOK |
|
|
|0 000 xxxxxcx a22 zn 4500
|
| LOK |
|
|
|0 001 3299712772
|
| LOK |
|
|
|0 003 DE-627
|
| LOK |
|
|
|0 004 1639275169
|
| LOK |
|
|
|0 005 20160223095115
|
| LOK |
|
|
|0 008 160208||||||||||||||||ger|||||||
|
| LOK |
|
|
|0 040
|a DE-21-110
|c DE-627
|d DE-21-110
|
| LOK |
|
|
|0 689
|a s
|a Fernsehfahndung
|
| LOK |
|
|
|0 852
|z Kein Bestand am IfK; Nachweis für KrimDok
|
| LOK |
|
|
|0 852
|a DE-21-110
|
| LOK |
|
|
|0 852 1
|m v
|9 00
|
| LOK |
|
|
|0 935
|a k110
|
| LOK |
|
|
|0 938
|k v
|
| LOK |
|
|
|0 939
|a 08-02-16
|b l01
|
| ORI |
|
|
|a SA-MARC-krimdoka001.raw
|